00991nam a22001817a 4500003000900000008004100009040007100050082002300121100002500144245004800169260007900217300002800296440002900324505038900353650002000742650002600762650002100788AR-CdUCM190306b ||||| |||| 00| 0 spa d aMUNICIPALIDAD PROVINCIAL DEL CUSCOcBIBLIOTECA MUNICIPAL DEL CUSCO a333.098512 /bAR68 aArce Espinoza, Elmer aLa reforma agraria en Piura :b1967-1977 /  aLima :bCentro de Estudios para el Desarrollo y la Participación,c1983. a226 páginas ;c21 cm. aSerie: Desarrollo rural. aContenido: La situación en el agro Piurano -- Reforma agraria: primer año de aplicación (1970) -- La "toma" de la liga y el primer cisma campesino (1971 Marzo 1972) -- Sinamos y la implementación del Decreto Ley 19400 -- Escalada anti-gubernamental y consolidación de la oposición -- Lucha por la centralización campesina -- Nuevo gobierno y política intervencionista. aReforma agraria aAspectos económicos aPiura 1968-1980.